| 000 | 00698pam a22002651a 4500 | ||
|---|---|---|---|
| 001 | 952337 | ||
| 005 | 20180307044825.0 | ||
| 008 | 840828s1985 pau b 001 0 eng c | ||
| 010 | _a 84020225 | ||
| 020 | _a0721696295 (set) | ||
| 020 | _a0721696279 (v. 1) | ||
| 020 | _a0721696287 (v. 2) | ||
| 040 |
_aDNLM/DLC _cDLC _dDLC |
||
| 041 | _aeng | ||
| 060 | _aWB 100 T354 | ||
| 080 | _a616 SMI | ||
| 082 | 0 | 0 |
_a616 SMI _219 |
| 100 | _a4 | ||
| 101 | _aSHM | ||
| 245 | 0 | 0 |
_aTextbook of medicine / _c[edited by] Cecil. |
| 504 | _aIncludes bibliographies and index. | ||
| 740 | 0 | _aCecil Textbook of medicine. | |
| 906 |
_a7 _bcbc _corignew _d1 _eocip _f19 _gy-gencatlg |
||
| 942 |
_2ddc _cBK |
||
| 999 |
_c44281 _d44281 |
||